Complete the Movie Title (1964) - Statistics

General Stats
  • This quiz has been taken 104 times
  • The average score is 17 of 25
Answer Stats
Hint Answer % Correct
Hey There, It's Yogi _____ Bear
93%
A _____ of Dollars Fistful
93%
_____finger Gold
92%
My Fair _____ Lady
92%
A Hard Day's _____ Night
89%
A _____ in the Dark Shot
89%
Send Me No _____ Flowers
86%
7 _____ of Dr. Lao Faces
75%
Zorba the _____ Greek
75%
_____ Party Pajama
71%
Dr. Strangelove or: How I Learned to Stop Worrying and Love the _____ Bomb
69%
Kissin’ _____ Cousins
67%
Father _____ Goose
67%
That _____ from Rio Man
63%
_____ and the Single Girl Sex
63%
_____ Italian Style Marriage
60%
Band of _____ Outsiders
58%
The Night of the _____ Iguana
54%
The _____ of the Red Death Masque
53%
First Men in the _____ Moon
51%
Kitten with a _____ Whip
51%
The _____ of Emily Americanization
49%
The _____ of Cherbourg Umbrellas
39%
The _____ of Henry Orient World
36%
Santa Claus Conquers the _____ Martians
31%
No matching quizzes found
Score Distribution
Percent of People with Each Score
Percentile by Number Answered
Your Score History
You have not taken this quiz